Countries that were in the 1986 FIFA World Cup - Statistics

General Stats
  • This quiz has been taken 49 times
  • The average score is 23 of 24
Answer Stats
Picture Answer % Correct
Argentina
100%
Canada
100%
Italy
100%
Mexico
100%
Belgium
98%
Brazil
98%
France
98%
Poland
98%
South Korea
98%
Spain
98%
Uruguay
98%
Denmark
96%
England
96%
Hungary
96%
Portugal
96%
Scotland
96%
West Germany
96%
Algeria
93%
Bulgaria
93%
Iraq
93%
Soviet Union
93%
Morocco
91%
Northern Ireland
82%
Paraguay
80%
No matching quizzes found
Score Distribution
Percent of People with Each Score
Percentile by Number Answered
Your Score History
You have not taken this quiz